Statistics for fallout 4

Click here to take the quiz!

General Stats

  • This quiz has been taken 54 times
    (51 since last reset)
  • The average score is 6 of 8

Answer Stats

HintAnswer% Correct
players dog companiondogmeat
96%
main characters male namenate
94%
main characters female namenora
94%
first gun10mm
91%
minutemen followerPreston Garvey
89%
son kidnapperKellogg
81%
mayor of diamond cityMcDonough
57%
best gun no dlcmini nuke launcher
0%

Score Distribution

Percentile by Number Answered

Percent of People with Each Score

Your Score History

You have not taken this quiz since the last reset